| 000 | 01419nam2a22002651 4500 | ||
|---|---|---|---|
| 001 | rc\315227 | ||
| 005 | 20250612173415.0 | ||
| 035 | _a(NLR Aleph) 008755777 | ||
| 090 |
_a7835153 _c7835153 |
||
| 100 | _a20030307d1991 |||y0rusy50 ca | ||
| 101 | 0 | _arus | |
| 102 | _aRU | ||
| 105 | _aa ||||||||| | ||
| 200 | 0 | _aЧ. 2 | |
| 210 |
_d1991 _aБ. м. |
||
| 215 |
_a[2], 117-230 с. _cил. |
||
| 320 | _aБиблиогр. в конце ст. | ||
| 461 | 0 |
_1001rc\315225 _12001#$aРАДИАЦИОННАЯ физика твердого тела$eТез. докл. и сообщ. I Регион. конф. [респ. Сред. Азии и Казахстана, Самарканд], 21-23 мая 1991 г.$f[Ред. группа: Икрамов Г.И. (отв. ред.) и др.]$vЧ. 2 _97816041 _cСамарканд _d1991 _f[Ред. группа: Икрамов Г.И. (отв. ред.) и др.] _nБ. и. _oТез. докл. и сообщ. I Регион. конф. [респ. Сред. Азии и Казахстана, Самарканд], 21-23 мая 1991 г. _tРАДИАЦИОННАЯ физика твердого тела _vЧ. 2 |
|
| 606 | 1 |
_aТвердые тела _xРадиационные эффекты _jСъезды, совещания и т.п. _2nlr_sh1 |
|
| 801 | 0 |
_aRU _bNLR _gpsbo |
|
| 801 | 1 |
_aRU _bELAR _2rusmarc |
|
| 801 | 2 |
_aRU _bNLR _c20050519 _2rusmarc |
|
| 852 |
_aNLR _j93-3/4340 |
||
| 942 | _cBOOK | ||
| 980 | _aNB | ||